2023年セ・リーグ規定打席到達者 - Statistics

General Stats
  • This quiz has been taken 446 times
  • The average score is 8 of 10
Answer Stats
Hint Answer % Correct
De 牧 秀悟
90%
近本 光司
87%
大山 悠輔
86%
De 宮﨑 敏郎
84%
中野 拓夢
84%
坂本 勇人
83%
サンタナ
72%
大島 洋平
59%
大城 卓三
58%
西川 龍馬
51%
No matching quizzes found
Score Distribution
Percent of People with Each Score
Percentile by Number Answered
Your Score History
You have not taken this quiz